Alternativas de cultivos tendientes a mejorar la sustentabilidad de los sistemas de producción de la región semiárida pampeana /
Guardado en:
| Otros Autores: | , , |
|---|---|
| Formato: | Manuscrito |
| Idioma: | Spanish |
| Publicado: |
2019.
|
| Materias: | |
| Acceso en línea: | Texto completo |
| Etiquetas: |
Agregar Etiqueta
Sin Etiquetas, Sea el primero en etiquetar este registro!
|
| LEADER | 01371ntm a22003135a 4500 | ||
|---|---|---|---|
| 001 | EEA.libagro011336 | ||
| 008 | 200910s2019####ag#a#####bm###000#0#spa#d | ||
| 005 | 20210916132018.0 | ||
| 245 | 1 | 0 | |a Alternativas de cultivos tendientes a mejorar la sustentabilidad de los sistemas de producción de la región semiárida pampeana / |c Carolina Luciana Gaggioli. |
| 260 | |c 2019. | ||
| 300 | |a [12], xiii ; 279 p. : |b il. ; |c 30 cm. | ||
| 500 | |a Directores de tesis: Alberto R. Quiroga y Nilda M. Amiotti. | ||
| 500 | |a "Tesis Doctor en Agronomía". | ||
| 502 | |a Tesis (doctoral)--Universidad Nacional del Sur. Departamento de Agronomía, 2020. | ||
| 530 | |a Disponible también en formato digital. | ||
| 504 | |a Incluye referencias bibliográficas. | ||
| 100 | 1 | |a Gaggioli, Carolina Luciana. |4 dis | |
| 700 | 1 | |a Quiroga, Alberto Raúl. |4 ths | |
| 700 | 1 | |a Amiotti, Nilda Mabel. |4 ths | |
| 710 | 2 | |a Universidad Nacional del Sur. |b Departamento de Agronomía |4 dgg. | |
| 082 | 0 | 4 | |a 040 |2 15 |
| 082 | 0 | 4 | |a 631 |2 15 |
| 650 | 7 | |a Agronomía. |2 unbist | |
| 653 | |a Eficiencia de uso de agua | ||
| 653 | |a Productividad económica del agua | ||
| 653 | |a Rotaciones | ||
| 653 | |a Región semi{GRAVE_ACCENT}rida pampeana (Argentina) | ||
| 856 | 4 | 1 | |3 Texto completo |u http://repositoriodigital.uns.edu.ar/handle/123456789/5197 |
| 859 | |a AR-BbBCA |b BIB. AGRONOMIA |h 040 |i B148 2020-1728 |p 127650/020 | ||
